000 00760nam a2200217Ia 4500
008 130821s2012 xxua gr eng
020 _a9783642288814
040 _aCo-BoUCM
_bspa
041 0 0 _aeng
100 1 _aIordache, Octavian
_9160429
245 1 0 _aSelf-evolvable systems machine learning in social media
_cOctavian Iordache
260 _aNueva York (Estados Unidos)
_bSpringer
_c2012
300 _a275 páginas
_bgráficas
490 0 _aUnderstanding Complex Systems
504 _aIncluye referencias bibliográficas e índice.
650 0 4 _aAnálisis de sistemas
_98971
650 0 4 _aInformación
_917580
650 0 4 _aSistemas de autoorganizacion
_924608
942 _cLIBRO
_a1
_e1
_mI643s
_2DEWEY
_h003.7
999 _c40019
_d40019